| 000 | 00486nab a2200145Ia 4500 | ||
|---|---|---|---|
| 003 | ES-SlBCS | ||
| 005 | 20210601133737.0 | ||
| 008 | 140529s2003 xxu||||| |||| 00| 0 por d | ||
| 041 | _apor | ||
| 100 | 1 |
_aRebello Cardoso, Hélio _9209080 |
|
| 245 | 0 | 0 |
_aQuestoes acerca do humanismo no pensamento contemporâneo: nuanças do inumano _c Hélio Rebello Cardoso |
| 650 | 0 | 4 |
_aHumanismo _92262 |
| 773 | 0 |
_tEducaçao e Filosofia _gvol. 17, nº. 34, 2003, págs. 117-163 _wRev1534 |
|
| 942 | _cAR | ||
| 999 |
_c601414 _d601414 |
||